Представление документа в формате RUSMARC

ПолеНазваниеЗначение
  Тип записи a
  Библиографический уровень a
001 Контрольный номер RU/УОНБ/EK_Kray/361798218
005 Дата корректировки 20250923151011.9
100 Данные общей обработки __
a Данные общей обработки 20110619d2011 ||| 0rusy0189 ca
101 Язык документа 0_
a Язык текста rus
102 Страна публикации __
a Страна публикации RU
105 Кодированные данные (монография) __
a Кодированные данные (монография) y###||||000|y
200 Заглавие и сведения об ответственности 1_
a Заглавие По жизни - с молитвой и верой
e Сведения, относящиеся к заглавию память о героях не имеет срока давности
f Первые сведения об ответственности Сергей Юрьев
215 Физическое описание __
c Иллюстрации/тип воспроизводства 3 фот.
225 Серия 1_
a Серия Судьбы
330 Аннотация __
a Аннотация Восстановление православного храма - церкви Святителя и Чудотворца Николая, построенной местной помещицей Екатериной Михайловной Фатьяновой в 1854 году, в с. Кротково Сенгилеевского района.
461 Уровень набора _0
1 2000
a Аргументы и факты в Ульяновске
1 011
463 Уровень физической единицы _0
1 001RU/УОНБ/EK_Kray/361797579
1 2000
a 15 июня
v С. 3
1 210
d 2011
600 Персоналии _1
a Персоналии (Фамилия) Фатьянова, Екатерина Михайловна
601 Наименование организации как предмет 02
a Наименование организации как предмет Храм Святителя Николая (с. Кротково)
607 Географические рубрики __
a Географическое наименование Кротково, село (Сенгилеевский район ; Ульяновская область)
610 Ключевые слова 0_
a Ключевые слова церкви
610 Ключевые слова 0_
a Ключевые слова восстановление храмов
686 Индексы других классификаций __
a Классификационный индекс 86.3-66
2 Код системы rubbk
700 Автор _1
a Фамилия Юрьев
b Имя (инициалы) С.
g Полное личное имя Сергей
4 Код отношения 070
801 Источник записи _0
a Страна RU
b Организация Ульяновская ОНБ
c Дата составления 20110619
g Правила каталогизации RCR
801 Источник записи _1
a Страна RU
b Организация IS
c Дата составления 20110619
g Правила каталогизации RCR
901 Тип документа __
t Тип документа b
w Контрольный № источника RU/УОНБ/EK_Kray/361797579
909 Создатель записи __
a Создатель записи Кучерова
938 Служебная информация __
a Имя БД kraeved_work
b Имя библиотеки УОНБ
c Имя АИБС МАРК-SQL
d Номер DOC_ID в БД 76865